02530cam a22005054i 4500003000900000005001700009008004100026020001500067020001800082035002000100040003300120041001300153049000900166082002000175100003200195245004900227264005400276300006100330336002100391337002500412338002300437504003900460505086700499526001001366526001001376526001001386526001001396526000801406526000801414526000801422526000801430526000801438526000801446526000801454534005001462630003501512650002001547910002801567942001401595994001401609596000601623999016001629980005501789952018001844PE-LiUPU20250731173115.0190320s2018 xxua rb 000 0 eng d a1619709112 a9781619709119 a(Sirsi) a251991 aPE-LiUPUbspacPE-LiUPUerda1 aenghfre aPRUA04a220.93bR532231 aRichelle, Matthieu,eautor.14aThe Bible & archaeolog /cMatthieu Richelle. 1aMassachusetts :bHendrickson Publishers,c[2018]. axvi, 152 páginas :bilustraciones ;c22 centímetros. atext2rdacontent aunmediated2rdamedia avolume2rdacarrier aBibliografía: páginas 114-132.0 aWhat archeologists discover -- Discovering ancient cities -- Discovering life in ancient Israel -- When stones speak --The principal types of inscriptions -- The difficulties of epigraphy -- The limits of archaeology -- Limits imposed by the interpretation of the data -- Limits inherent to excavations -- The Bible and archaeology -- what kind of relationship? -- The different approaches -- The use of the Bible -- Real-life scenarios -- A case study -- the kingdom of David and Solomon -- The problem -- What is at stake? -- The heart of the problem -- The debate today -- The case of Jerusalem -- Archaeology and writing in the time of David and Solomon -- The dearth of inscriptions from the tenth to ninth centuries BCE -- A correlation between the development of a country and literature? -- Pointers to literary activity in the tenth and ninth centuries. aSEG42 aSEG41 aSEG40 aSEG39 aP94 aP87 aP86 aP85 aP77 aP76 aP35 pTítulo Original :tBible et Parchéologie.04aBiblia.pA.T.xAntigüedades.04aArcqueología. adbmbkslcksld20190320 2ddccBOOK aC0bPEPRU a1 a220.93 R53wDEWEYc31249i80051d31249f2021-11-9g3lCCODEBUL1mBULp7.49q2r0sYtBOOKu2019-3-20xTEOLOGIAPP350COMPRAo.STAFF. Colección Teología 81gALBERTO SANCHEZ Responsable de Automatización r2025-12-02 00:00:00i4l2o220.93 R53p80051s2023-06-11te1v12.49w2019-03-20xFTyBKzinventario-2023-12-13102ddc50708GENfP35aBULbBULcGENd2019-03-20eCOMPRAg7.49